000 00686nam a2200289Ia 4500
005 20260324131819.0
008 008 260324s9999 xx 000 0 eng d
020 _a9781410613646
037 _aEBOOK
040 _aCRL
040 _beng
040 _cCRL
041 _2eng
041 _aeng
084 _qCRL
100 _aOtto Koester; Otto Koester
_91186923
245 0 _aSeeing Babies in a New Light
245 4 _bThe Life of Hanus Papousek
260 _bTaylor and Francis
260 _c2005
365 _a
365 _b230
856 _uhttp://www.taylorfrancis.com/books/9781410613646
942 _cEBOOK
999 _c1784446
_d1784446